Ilustrace, grafiky, kresby, obrazy, plastiky : výběr ze sbírek Galerie výtvarného umění v Havlíčkově Brodě /

Corporate Author: Galerie výtvarného umění (Havlíčkův Brod, Česko)
Other Authors: Růžičková, Daniela, 1978-
Language: Czech
English
Published: V Havlíčkově Brodě : Galerie výtvarného umění, 2006
Subjects:
Online Access: Digitalizovaný dokument
Physical Description: 140 s. : barev. il. ; 28 cm
Language note: Souběžný anglický text
Book
Saved in:
LEADER 02385nam a2200553 a 4500
001 nkc20071725708
003 CZ PrNK
005 20070911142548.0
007 ta
008 070625s2006 xr a e 000 0dcze
015 |a cnb001725708 
020 |a 80-254-0364-5  |q (v knize neuvedeno ;  |q váz.) 
035 |a (OCoLC)188561977 
040 |a ABA001  |b cze 
041 1 |a cze  |a eng  |h cze 
043 |a e-xr---  |b e-xr-vy  |2 czenas 
045 |a v-y0 
072 7 |a 72/76  |x Výtvarné umění  |2 Konspekt  |9 21 
080 |a 72/76:069.5  |2 MRF 
080 |a 72/76(437.3)  |2 MRF 
080 |a (437.324)  |2 MRF 
080 |a (084.11)  |2 MRF 
110 2 |a Galerie výtvarného umění (Havlíčkův Brod, Česko)  |7 kn20020321741 
245 1 0 |a Ilustrace, grafiky, kresby, obrazy, plastiky :  |b výběr ze sbírek Galerie výtvarného umění v Havlíčkově Brodě /  |c [texty Daniela Růžičková ... et al.] 
246 3 0 |a Výběr ze sbírek Galerie výtvarného umění v Havlíčkově Brodě 
246 1 4 |a Ze sbírek Galerie výtvarného umění v Havlíčkově Brodě 
246 1 8 |a Galerie výtvarného umění v Havlíčkově Brodě - ze sbírek 
260 |a V Havlíčkově Brodě :  |b Galerie výtvarného umění,  |c 2006 
300 |a 140 s. :  |b barev. il. ;  |c 28 cm 
500 |a 700 výt. 
546 |a Souběžný anglický text 
610 2 7 |a Galerie výtvarného umění (Havlíčkův Brod, Česko)  |7 kn20020321741  |2 czenas 
648 7 |a 18.-21. století  |7 ch757020  |2 czenas 
650 0 7 |a umělecké sbírky  |7 ph135222  |z Česko  |2 czenas 
650 0 7 |a české výtvarné umění  |7 ph116865  |y 18.-21. století  |2 czenas 
650 0 9 |a art collections  |z Czechia  |2 eczenas 
650 0 9 |a Czech art  |y 18th-21st centuries  |2 eczenas 
651 7 |a Havlíčkův Brod (Česko)  |7 ge129236  |2 czenas 
651 9 |a Havlíčkův Brod (Czechia)  |2 eczenas 
655 7 |a obrazové publikace  |7 fd132947  |2 czenas 
655 9 |a pictorial works  |2 eczenas 
700 1 |a Růžičková, Daniela,  |d 1978-  |7 mzk2007377676  |4 wfw 
856 4 1 |u http://www.digitalniknihovna.cz/mzk/uuid/uuid:710b05e0-f9c9-11e7-b1a1-005056827e52  |y Digitalizovaný dokument  |x NDK 
910 2 |a BOA001  |b 3-1182.746 
928 9 |a Galerie výtvarného umění v Havlíčkově Brodě 
990 |a BK 
995 |a 01 
991 |b 200707  |c NOV 
996 6 |b 2610315813  |c 3-1182.746  |l MZK  |r Sklad / do 1 hodiny  |n 2  |p p.v.  |w 000856690  |u 000010  |a 1  |e BOA001  |j MZK50  |s P